Statistics for Groups of things #2

Click here to take the quiz!

General Stats

  • This quiz has been taken 289 times
  • The average score is 23 of 34

Answer Stats

GroupAnswer% Correct
Rainbow colorsBlue
96%
Rainbow colorsGreen
96%
Rainbow colorsRed
96%
Rainbow colorsYellow
96%
Rainbow colorsOrange
94%
Rainbow colorsViolet
94%
Countries that start with CHChina
86%
Signs of the ZodiacLeo
82%
Nobel prizesPeace
82%
Signs of the ZodiacCancer
80%
Rainbow colorsIndigo
76%
Signs of the ZodiacTaurus
76%
Signs of the ZodiacAries
74%
Signs of the ZodiacSagittarius
74%
Signs of the ZodiacVirgo
74%
Countries that start with CHChile
72%
Signs of the ZodiacGemini
71%
Signs of the ZodiacCapricorn
70%
Signs of the ZodiacAquarius
69%
Signs of the ZodiacPisces
68%
Countries that start with CHChad
67%
Signs of the ZodiacLibra
67%
Nobel prizesLiterature
67%
Signs of the ZodiacScorpio
64%
Nobel prizesPhysics
63%
Nobel prizesChemistry
60%
HalogensIodine
49%
HalogensBromine
48%
HalogensFluorine
45%
HalogensChlorine
44%
Nobel prizesMedicine
38%
Nobel prizesEconomics
26%
HalogensAstatine
16%
HalogensTennessine
7%

Score Distribution

Percentile by Number Answered

Percent of People with Each Score

Your Score History

You have not taken this quiz